Il comportamento sessuale della donna /
Gorde:
| Egile Nagusiak: | , , |
|---|---|
| Beste egile batzuk: | |
| Formatua: | Liburua |
| Hizkuntza: | italiera |
| Argitaratua: |
Milano :
Bompiani,
stampa 1957
|
| Edizioa: | 3. ed |
| Saila: | L'uomo ;
19 |
| Etiketak: |
Etiketarik gabe, Izan zaitez lehena erregistro honi etiketa jartzen!
|
MARC
| LEADER | 00000nam a22000007i 4500 | ||
|---|---|---|---|
| 001 | IT\ICCU\UBO\3457240 | ||
| 003 | ItRI | ||
| 005 | 20260115232231.0 | ||
| 008 | 080716s1957 it |||||| ||||| |||||c | ||
| 040 | |b ita |c importazione bologna sebina | ||
| 041 | 7 | |a ita |2 ISO-639-2 | |
| 100 | 1 | |a Kinsey, Alfred C. |0 IT\ICCU\RAVV\055906 |4 aut | |
| 240 | 1 | 0 | |a Sexual behavior in the human female. - |3 IT\ICCU\RAV\0136018 |
| 245 | 1 | 3 | |a Il comportamento sessuale della donna / |c di Alfred C. Kinsey ... [et al.]. |
| 250 | |a 3. ed | ||
| 260 | |a Milano : |b Bompiani, |c stampa 1957 | ||
| 300 | |a XII, 803 p. ; |c 21 cm. | ||
| 700 | 1 | |a Gebhard, Paul H. |0 IT\ICCU\CUBV\083343 | |
| 700 | 1 | |a Pomeroy, Wardell B. |0 IT\ICCU\RAVV\055907 |4 aut | |
| 700 | 1 | |a Martin, Clyde E. |0 IT\ICCU\RAVV\055908 |4 aut | |
| 790 | 1 | |a Martin, Clyde Eugene |3 IT\ICCU\SBNV\052757 |z Martin, Clyde E. | |
| 830 | 2 | |a L'uomo ; |v 19 |0 IT\ICCU\CUB\0086430 | |
| 942 | |2 ddc |c BK |n 0 | ||
| 952 | |0 0 |1 0 |4 0 |6 DOC_155_333000000000000_KIN |7 0 |9 22533 |a BO |b BO |d 2026-01-15 |i 153 |l 0 |o DOC 155.333 KIN |p BO153 |r 2026-01-15 23:22:31 |w 2026-01-15 |x [Sebina 7] [1 v.] |y BK |z 1 v. | ||
| 999 | |c 19241 |d 19241 | ||